Byv i predseda Rusyns'koj obrody Na svjatkuvani 130. narodenyn Matyci slovens'koj u Turčans'kim sv. Martyni...

Bibliographic Details
Main Authors: -az- (Author), Turok, Vasiľ, 1940-2005 (Author)
Format: Article
Language:Ukrainian
Subjects:

MARC

LEADER 00000nab a2200000 a 4500
001 vtls000510906
003 SK-MaSNL
005 20260318125154.0
008 180331c1993 xo 0 ukr
015 |a SNBRB19rr/mm-uuuuu 
035 |a CL0511044 
040 |a SNKBUCL  |b slo  |c SNKBUCL  |e AACR2 
041 0 |a ukr 
044 |a xo  |c SK 
080 |a 061.61(437.6)  |2 1981 
080 |a 82:061.7  |2 1981 
080 |a 323.15(437.6=875):061.2  |2 1981 
080 |a 061.25  |2 1981 
100 1 |a -az-  |4 aut  |9 921827 
245 1 0 |a Byv i predseda Rusyns'koj obrody  |b Na svjatkuvani 130. narodenyn Matyci slovens'koj u Turčans'kim sv. Martyni...  |c -az- 
610 2 7 |a Matica slovenská  |2 snkbucl  |9 14662 
651 7 |a 5306  |2 snkbucl  |9 893716 
655 7 |a články z novín a časopisov  |2 snkbucl  |9 267496 
655 7 |a články z odboru knihovníctvo  |2 snkbucl  |9 166141 
655 7 |a články z odboru literárna veda a krásna literatúra  |2 snkbucl  |9 770045 
700 1 |a Turok, Vasiľ,  |d 1940-2005  |4 aut  |9 121051 
773 0 |t Narodny novynky  |g Roč. 2, č. 33-34 (1993), s. 1 
850 |a Slovenská národná knižnica v Martine  |a POA001 
852 |a SNK  |b KIS3GCP 
958 |a RK 
958 |a KL 
958 |a LX 
958 |a RN 
992 |a RBX 
999 |c 2626821  |d 2628751